Core concepts in physics : solid state physics / Joachim Kruse. (Record no. 22062)

000 -LEADER
fixed length control field 00595nam a22001817a 4500
020 ## - INTERNATIONAL STANDARD BOOK NUMBER
ISBN 9781984689177
082 ## - DEWEY DECIMAL CLASSIFICATION NUMBER
Classification number 530.41
Item number K946 2024
100 ## - MAIN ENTRY--AUTHOR NAME
Personal name Kruse, Joachim, author.
245 ## - TITLE STATEMENT
Title Core concepts in physics : solid state physics / Joachim Kruse.
250 ## - EDITION STATEMENT
Edition statement 2nd edition.
260 ## - PUBLICATION, DISTRIBUTION, ETC. (IMPRINT)
Place of publication New York, NY :
Name of publisher 3G E-learning LLC,
Year of publication ©2024.
300 ## - PHYSICAL DESCRIPTION
Number of Pages ix, 270 pages :
Other physical details illustrations ; 26 cm.
500 ## - GENERAL NOTE
General note Includes bibliographical references and index.
650 ## - SUBJECT ADDED ENTRY--TOPICAL TERM
Topical Term Solid state physics.
650 ## - SUBJECT ADDED ENTRY--TOPICAL TERM
Topical Term Condensed matter physics.
650 ## - SUBJECT ADDED ENTRY--TOPICAL TERM
Topical Term Crystals -- Physical properties.
942 ## - ADDED ENTRY ELEMENTS (KOHA)
Koha item type Books
Holdings
Source of acquisition Permanent Location Date acquired Koha item type Collection code Accession Number Lost status Shelving location Withdrawn status Current Location Full call number
SchoolCagayan State University - Carig Library2026-03-23BooksPure Sciences011333 General Collection Cagayan State University - Carig Library530.41 K946 2024

Cagayan State University University Library, Carig Campus
Tuguegarao City, Cagayan 3500 | www.csucarig.edu.ph

Powered by Koha